00293nam a2200109Ia 4500008004100000020001800041082001600059100001600075245003800091260004100129300001300170191014s9999 xx 000 0 und d a0-521-35662-8 a516.35bREI aMiles Reid  0aUndergraduate Algebraic Geometry  aUKbCambridge University Pressc1988 aViii,131